00625nam a2200253Ia 4500008004100000020001400041050001100055050001400066100001500080245001500095245001800110250001800128260002400146260002800170260000900198300001600207300002000223300001000243650002400253650003200277700003200309700001100341999001900352170711s9999 xx 000 0 und d a977158225 a306.76 bL477 2006 aLee, Mathy a35 cents / cby Mathy Lee. aFirst edition aSan Francisco, CA : bSuspect thoughts Press, c2006 a205 pages : billustrations ; c21cm. aMale prostitutes -- xUnited States -- Biography. aTitle : Thirthy-five cents. aTitle. c339775d339775